| 000 | 00500nam a2200217Ia 4500 | ||
|---|---|---|---|
| 003 | OSt | ||
| 005 | 20230517112058.0 | ||
| 008 | 210423s2010 xx 000 0 und d | ||
| 020 | _a9780070681750 | ||
| 040 | _cAL | ||
| 041 | _aeng | ||
| 082 |
_a574.192 RASS _223 |
||
| 100 |
_aRASTOGI (S C). _9104057 |
||
| 245 | _aBiochemistry. | ||
| 250 | _a3 | ||
| 260 |
_aNew Delhi _bTata McGraw-hill _c2010 |
||
| 300 |
_axx,780 _bPB |
||
| 365 |
_b490 _cINR |
||
| 906 | _aBiochemistry. | ||
| 942 |
_2ddc _cBK |
||
| 999 |
_c164710 _d164710 |
||